Basic College Mathematics: An Applied Approach (Record no. 5136)

MARC details
005 - DATE AND TIME OF LATEST TRANSACTION
control field 20250625162140.0
020 ## - INTERNATIONAL STANDARD BOOK NUMBER
International Standard Book Number 9780618202881
082 ## - DEWEY DECIMAL CLASSIFICATION NUMBER
Classification number 510 AUF
245 ## - TITLE STATEMENT
Title Basic College Mathematics: An Applied Approach
250 ## - EDITION STATEMENT
Edition statement 7th Ed.
260 ## - PUBLICATION, DISTRIBUTION, ETC.
Place of publication, distribution, etc. New York
Name of publisher, distributor, etc. Houghton Mifflin Company Boston New york
Date of publication, distribution, etc. 2003.
300 ## - PHYSICAL DESCRIPTION
Extent 350p.
Dimensions 27cm.
700 ## - ADDED ENTRY--PERSONAL NAME
Other authors/Editors BARKER,V. & LOCKWOOD,J.
942 ## - ADDED ENTRY ELEMENTS (KOHA)
Source of classification or shelving scheme Dewey Decimal Classification
Koha item type Books
Holdings
Date last seen Total checkouts Full call number Barcode Cost, replacement price Price effective from Koha item type Lost status Source of classification or shelving scheme Damaged status Not for loan Withdrawn status Home library Current library Shelving location Date acquired Cost, normal purchase price
06/25/2025   510 AUF DOM000895 60000.00 06/25/2025 Books   Dewey Decimal Classification       CBE Dodoma CBE Dodoma General Collection 06/25/2025 20000.00
06/25/2025   510 AUF DOM000894 60000.00 06/25/2025 Books   Dewey Decimal Classification       CBE Dodoma CBE Dodoma General Collection 06/25/2025 20000.00